000 01997cam a22005174i 4500
003 PE-LiUPU
005 20250731165455.0
008 150623s r 000 0 d
020 _a1850757550
035 _a(Sirsi) i9781850757559
040 _aPE-LiUPU
_bspa
_cPE-LiUPU
_erda
049 _aPRUA
082 0 4 _a221.077
_bAT
_221
100 1 _aLarkin, Katrina J.A.,
_eautor.
245 1 0 _aRuth and Esther.
_n8 /
_cKatrina J. A. Larkin.
264 1 _aMelksham, Wiltshire :
_bSheffield Academic Press,
_c1996.
300 _a106 páginas ;
_c21.5 centímetros
336 _atext
_2rdacontent
337 _aunmediated
_2rdamedia
338 _avolume
_2rdacarrier
490 0 _aOld Testament Guides
504 _aBibliografía al final de cada capítulo.
505 0 _aRuth: the problem of date. -the legal background. -Text and canon. -Literary questions. -Theology and purpose. -Esther : Is Esther theologically valuable?. -Is it historical?. -The tradition history. -ESther as literature.
526 _aSEG44
526 _aSEG26
526 _aP151
526 _aP150
526 _aP149
526 _aP146
526 _aP145
526 _aP126
526 _aP125
526 _aP92
526 _aP75
526 _aP74
526 _aP27
526 _aP15
630 _aBiblia.
_pA.T.
_pEsther
_xComentarios.
630 _aBiblia.
_pA.T.
_pRuth
_xComentarios.
942 _2ddc
_cBOOK
949 _aRC 221.077 AT 8
_wDEWEY
_c1
_i45036
_d2015-10-12
_e2015-10-12
_lCCODEBUL1
_mBUL
_n1
_r0
_sY
_tBOOK
_u2015-6-24
_xTEOLOGIA
_PP35
_0COMPRA
_o.CIRCNOTE. No olvidar cambiar la fecha de devolución!!!!!!!
_o.STAFF. Colección General
994 _aC0
_bPEPRU
596 _a1
999 _aRC 221.077 AT 8
_wDEWEY
_c21917
_i45036
_d21917
_e2015-10-12
_f2021-11-8
_g6
_lCCODEBUL1
_mBUL
_n1
_r1
_sY
_tBOOK
_u2015-6-24
_xTEOLOGIA
_PP35
_0COMPRA
_o.CIRCNOTE. No olvidar cambiar la fecha de devolución!!!!!!!
_o.STAFF. Colección General
980 _81
_gALBERTO SANCHEZ Responsable de Automatización